| 000 | 00800cab a2200241 4500 | ||
|---|---|---|---|
| 001 | ABS47256 | ||
| 008 | 090401t1992 xxu||||| |||| 00| 0 eng d | ||
| 035 | _a(Sirsi) u61251 | ||
| 041 | _aeng | ||
| 245 | _aAmbiguous notices | ||
| 260 | _c1992 | ||
| 350 | _a0 | ||
| 490 |
_aEstates Gazette _v(9239) 3 October 1992, 153-154(2) |
||
| 520 | _aMainly for Students article discussing the legal position if a landlord or tenant uses the words `subject to contract` or `without prejudice` in a notice which he is serving on the other party to a lease. | ||
| 650 | _aACCEPTANCE OF RENT | ||
| 650 | _aNOTICES TO QUIT | ||
| 650 | _aSUBJECT TO CONTRACT | ||
| 650 | _aTRIGGER NOTICES | ||
| 650 | _aWITHOUT PREJUDICE | ||
| 690 | _aPROPERTY-LANDLORD AND TENANT | ||
| 942 | _n0 | ||
| 948 | _c04/03/1997 | ||
| 999 |
_c37907 _d37907 |
||